№ 7; Экономист

Bibliographische Detailangaben
Parent link:Экономист: научно-практический журнал/ Министерство экономики РФ. № 7.— , 1991-.— 0869-4672
Sprache:Russisch
Veröffentlicht: 1993
Format: MixedMaterials Buch
KOHA link:https://koha.lib.tpu.ru/cgi-bin/koha/opac-detail.pl?biblionumber=465440

MARC

LEADER 00000nam2a2200000 4500
001 465440
005 20231101090342.0
035 |a (RuTPU)RU\TPU\prd\130019 
035 |a RU\TPU\prd\130012 
090 |a 465440 
100 |a 20120127a19249999k y0rusy50 ca 
101 0 |a rus 
102 |a RU 
200 0 |a № 7 
210 |d 1993 
461 1 |0 (RuTPU)RU\TPU\prd\905  |x 0869-4672  |t Экономист  |o научно-практический журнал  |f Министерство экономики РФ  |v № 7  |d 1991- 
801 0 |a RU  |b 63413507  |c 20011210  |g PSBO 
801 2 |a RU  |b 63413507  |c 20120127  |g PSBO 
942 |c BK 
999 |a НТБ_ТПУ  |b НФ  |e -8/20120110  |p П-1699  |u 0,00  |v 1